Some data about the properties of the dissolving dolines of the Bükk mountains

Elmentve itt :
Bibliográfiai részletek
Szerző: Bárány Ilona
Dokumentumtípus: Cikk
Megjelent: 1986
Sorozat:Acta Universitatis Szegediensis : acta geographica 26
Kulcsszavak:Földrajztudomány
Online Access:http://acta.bibl.u-szeged.hu/3255
LEADER 00660nab a2200181 i 4500
001 acta3255
005 20210603115048.0
008 161015s1986 hu o 0|| eng d
022 |a 0324-5268 
040 |a SZTE Egyetemi Kiadványok Repozitórium  |b hun 
041 |a eng 
100 1 |a Bárány Ilona 
245 1 0 |a Some data about the properties of the dissolving dolines of the Bükk mountains  |h [elektronikus dokumentum] /  |c  Bárány Ilona 
260 |c 1986 
300 |a 53-62 
490 0 |a Acta Universitatis Szegediensis : acta geographica  |v 26 
695 |a Földrajztudomány 
856 4 0 |u http://acta.bibl.u-szeged.hu/3255/1/geographica_026_053-062.pdf  |z Dokumentum-elérés